Mňau na úteku 3 /
VYGUMOVANÉ MOZGY! VYMAZANÝ INTERNET! ZLODUCHOVIA ODHALENÍ! Kto mohol tušiť, že byť najznámejšou mačacou celebritou môže byť také NEBEZPEČNÉ?! STAČILO! PRINCES MŇAU už došla trpezlivosť! Nastal čas vyčistiť mačací záchodík. Je čas na...
Uloženo v:
| Hlavní autor: | |
|---|---|
| Médium: | E-kniha |
| Jazyk: | Czech |
| Vydáno: |
Praha :
Albatros Media Slovakia s.r.o.,
2025
|
| Tagy: |
Žádné tagy |
| LEADER | 01210nam a22002297i 4500 | ||
|---|---|---|---|
| 001 | 302730 | ||
| 007 | ta | ||
| 008 | 260514s2025 xr ||||| |||| 00| 0 cze d | ||
| 020 | |a 9788056649312 | ||
| 044 | |a xr | ||
| 100 | 1 | |a Blabey, Aaron |4 aut | |
| 245 | 1 | 0 | |a Mňau na úteku 3 / |c Blabey, Aaron |
| 240 | 1 | 0 | |a Cat on the Run in Hidden Layers! |
| 264 | 1 | |a Praha : |b Albatros Media Slovakia s.r.o., |c 2025 | |
| 300 | |a 1 online zdroj (192 stran) | ||
| 336 | |a text |b txt |2 rdacontent | ||
| 337 | |a bez média |b n |2 rdamedia | ||
| 338 | |a online zdroj |b cr |2 rdacarrier | ||
| 520 | 2 | |a VYGUMOVANÉ MOZGY! VYMAZANÝ INTERNET! ZLODUCHOVIA ODHALENÍ! Kto mohol tušiť, že byť najznámejšou mačacou celebritou môže byť také NEBEZPEČNÉ?! STAČILO! PRINCES MŇAU už došla trpezlivosť! Nastal čas vyčistiť mačací záchodík. Je čas na... | |
| 910 | |a RBIT002 | ||
| 998 | |d 426987 |a https://core.palmknihy.cz/api/books/426987/cover?tesgie |b https://core.palmknihy.cz/api/books/426987/cover/400?tesgie |c https://core.palmknihy.cz/api/books/426987/cover/50?tesgie |e 2030-03-31 |g 192 |i 9788056649312 |k https://core.palmknihy.cz/api/books/426987/preview.pdf |l |q 49 |r 1 |s https://www.palmknihy.cz/kniha/426987 |t ebook |y 2025 |z 1 | ||
| 999 | |d 302728 | ||